Loading...
| Fine Arts - Classical Music | 5 | 20.00 | 100% | 80% | 20% |
| Fine Arts - Other Fine Arts | 5 | 20.00 | 100% | 80% | 20% |
| Fine Arts - Visual Fine Arts | 5 | 12.00 | 100% | 20% | 0% |
| Geography/Current Events | 2 | 25.00 | 100% | 100% | 50% |
| History - American History | 2 | 10.00 | 100% | 0% | 0% |
| History - European History | 7 | 18.57 | 100% | 57% | 29% |
| History - Other History | 7 | 24.29 | 100% | 86% | 57% |
| History - World History | 5 | 18.00 | 100% | 60% | 20% |
| Literature - American Literature | 4 | 17.50 | 100% | 75% | 0% |
| Literature - British Literature | 4 | 17.50 | 100% | 50% | 25% |
| Literature - European Literature | 7 | 14.29 | 100% | 43% | 0% |
| Literature - World/Other Literature | 5 | 12.00 | 100% | 20% | 0% |
| Mythology | 4 | 22.50 | 100% | 75% | 50% |
| Other Academic | 2 | 20.00 | 100% | 100% | 0% |
| Philosophy | 6 | 13.33 | 67% | 33% | 33% |
| Pop Culture | 1 | 30.00 | 100% | 100% | 100% |
| Religion | 6 | 18.33 | 100% | 67% | 17% |
| Science - Biology | 5 | 22.00 | 100% | 60% | 60% |
| Science - Chemistry | 8 | 13.75 | 75% | 63% | 0% |
| Science - Other Science | 7 | 20.00 | 100% | 71% | 29% |
| Science - Physics | 6 | 18.33 | 100% | 50% | 33% |
| Social Science | 6 | 13.33 | 83% | 33% | 17% |